000 01215nam a2200337 i 4500
003 EG-GICUC
005 20260225092117.0
008 260225s1972 -usao fr|||| 000 0 eng d
040 _aEG-GiCUC
_beng
_cEG-GiCUC
_dEG-GiCUC
_erda
041 0 _aeng
082 0 4 _221
_a341.63
_bSC . A
092 0 4 _221
099 _aLaw1 11 341.63 SC . A 1972
100 1 _aScoville, Herbert ,
_eAuthor.
245 1 4 _aThe Arms Race: Steps Toward Restraint /
_cHerbert Scoville Jr, Betty G. Lall ,Robert E. Hunter.
264 1 _aWashington :
_b the Carnegie Endowment for International Peace,
_c1972.
300 _a58 pages :
_billustrations,
_c24 cm
336 _2rda content
_atext
337 _2rda media
_aComputer
338 _2rda carrier
_aOnline Resource
490 _aInternational Conciliation
504 _aIncludes bibliographical references.
546 _aText in English
590 _aإهداء مكتبة الأستاذ الدكتور صلاح عامر
650 1 4 _a Public international law
700 1 _aLall , . Betty G
_ejoint author.
700 1 _aHunter, Robert E
_ejoint author.
856 4 0 _uhttps://fll.law.cu.edu.eg/fulltext/bks/B11-08049.pdf
905 _a48
942 _2ddc
_cBK
_e21
_n0
999 _c64156
_d64156